| 000 | 01837nam a2200145Ia 4500 | ||
|---|---|---|---|
| 005 | 20260209120131.0 | ||
| 008 | 260209s9999||||xx |||||||||||||| ||und|| | ||
| 100 | _aAvijit Faujdar | ||
| 245 | 0 | _aSports broadcasts and intellectual property regulatory regime : a comparative analysis | |
| 260 |
_aBangaloreBangalore _bNLSIU _c2013 |
||
| 300 | _a66 p. ; 25 cm. | ||
| 505 | _aTABLE OF CONTENTS CERTIFICATE ; DECLARATION ; ACKNOWLEDGEMENTS ; LIST OF ABBREVIATIONS; ABSTRACT ; STATEMENT OF PROBLEM ; AIMS AND OBJECTIVES ; OBJECTIVES ; SCOPE AND LIMITATIONS; RESEARCH QUESTIONS ; HYPOTHESIS ; RESEARCH METHODOLOGY ; MODE OF CITATION ; CHAPTER ONE: INTELLECTUAL PROPERTY RIGHTS AND SPORTS - AN OVERLAP; 1.1. BROADCASTING AND MEDIA RIGHTS IN SPORT - AN INTRODUCTION ; 1.2. BROADCASTING MODELS IN SPORTS ; CHAPTER Two: BROADCASTING RIGHTS IN DIFFERENT JURISDICTIONS ; 2.1. INDIA ; 2.2. U.S.A ; 2.3. U.K ; CHAPTER THREE: INTERNATIONAL ORGANIZATIONS AND SPORTS BROADCASTS ; 3.1. WIPO AND ITS ROLE IN INTELLECTUAL PROPERTY AND SPORTS CONVERGENCE; 3.2. THE MAIN NEIGHBOURING RIGHTS CONVENTIONS AND BROADCASTS ; 3.3. WIPO BROADCASTING TREATY (PROPOSED) ; CHAPTER FOUR: CRITICAL AREAS IN SPORTS BROADCASTING ; 4.1. INTERNET PIRACY OF LIVE SPORTS BROADCASTS ; 4.1.1. UNICAST STREAMING ; 4.1.2. STREAMING OVER PEER-TO-PEER NETWORKS (SOP) ; 4.2. REAL-TIME UPDATES AND FACTUAL INFORMATION GENERATED FROM SPORTS BROADCASTS ; CHAPTER FIVE: CONCLUSION & SUBMISSIONS ; BIBLIOGRAPHY ; ANNEXURE I: PIE -DIAGRAM OF REVENUES GENERATED By INTERNATIONAL OLYMPIC ASSOCIATION FROM BROADCASTING ; ANNEXURE II: LIST OF BROADCASTERS FOR PEPSIIPL 2013 ; ANNEXURE III: INTELLECTUAL PROPERTY& SPORTS - DEVELOPMENTS IN INDIA ; | ||
| 700 | _aProf. (Dr.) T Ramakrishna - GuideProf. (Dr.) T Ramakrishna - Guide | ||
| 856 | _uhttps://dans.nls.ac.in/handle/123456789/1822 | ||
| 999 |
_c217064 _d217064 |
||